000 00374nam a2200133Ia 4500
008 151001s9999||||xx |||||||||||||| ||und||
100 _aना ना रणसिंग
245 _aपरिपूर्ण हिंदी व्याकरण
250 _a1
260 _bअभिनंदन कणकवली
260 _c2013
300 _a192
365 _b21
999 _c999304
_d999301